The Indian penal code / (Record no. 142847)

MARC details
000 -LEADER
fixed length control field 00736nam a22002177a 4500
005 - DATE AND TIME OF LATEST TRANSACTION
control field 20170726105311.0
010 ## - LCCN (DPL NO)
LC control number ENG-119399
020 ## - INTERNATIONAL STANDARD BOOK NUMBER
Terms of availability 845.00
International Standard Book Number 9788131251003
035 ## - SYSTEM CONTROL NUMBER
System control number EN-102931
037 ## - SOURCE OF ACQUISITION
Source of stock number/acquisition DBAD/PUB
082 ## - DEWEY DECIMAL CLASSIFICATION NUMBER
Classification number 345.54
100 ## - MAIN ENTRY--PERSONAL NAME
Personal name Ranchhoddas,Ratanlal
245 ## - TITLE STATEMENT
Title The Indian penal code /
Statement of responsibility, etc by Ratanlal Ranchhoddas [and] Dhirajlal Keshavlal Thakore
250 ## - EDITION STATEMENT
Edition statement 35th ed by K.T. Thomas [and] M.A. Rashid
260 ## - PUBLICATION, DISTRIBUTION, ETC. (IMPRINT)
Name of publisher, distributor, etc Lexis Nexis
Date of publication, distribution, etc 2017
Place of publication, distribution, etc Gurgaon
270 ## - ADDRESS
Address 14th Floor; Building No. 10 Tower -B , DLF Cyber City ,Phase-II
City Gurgaon
Postal code 122002
300 c# - PHYSICAL DESCRIPTION
Extent ccxIvii,1429p.
Dimensions 25cm(pbk)
500 ## - GENERAL NOTE
General note Includes index
700 ## - ADDED ENTRY--PERSONAL NAME
Personal name Thakore,Dhirajlal Keshavlal
942 ## - ADDED ENTRY ELEMENTS (KOHA)
Source of classification or shelving scheme Dewey Decimal Classification
Item type English Books
Call number suffix RAN
Classification part 345.54
Holdings
Withdrawn status Lost status Not for loan Collection code Home library Current library Date acquired Source of acquisition Cost, normal purchase price Full call number Barcode Copy number Cost, replacement price Koha item type
      Non-fiction Ashok Vihar Ashok Vihar 26/07/2017 DBAD/PUB 845.00 345.54 RAN EN-102931 1 845.00 English Books

© Delhi Public Library
Hit Counter
free hit counter